[Event "Bayern-chB 77th"]
[Site "Bad Woerishofen"]
[Date "2006.08.27"]
[Round "2"]
[White "Staud, Martin"]
[Black "Titze, Karsten"]
[Result "1/2-1/2"]
[WhiteElo "1699"]
[BlackElo "1665"]
[PlyCount "62"]
[EventDate "2006.08.26"]
[EventType "swiss"]
[EventRounds "9"]
[EventCountry "GER"]
[SourceTitle "EXT 2015"]
[Source "ChessBase"]
[SourceDate "2014.11.20"]
[SourceVersion "1"]
[SourceVersionDate "2014.11.20"]
[SourceQuality "1"]

1. d4 Nf6 2. Nf3 g6 3. g3 c6 4. Bg2 Bg7 5. 0-0 0-0 6. c3 d6 7. Nbd2 Qc7 8. e4 e5 9. Qc2 Bd7 10. dxe5 dxe5 11. Nc4 Ne8 12. Ne3 Nd6 13. b3 Re8 14. Ba3 Nb5 15. Bb2 Na6 16. Rfd1 Rad8 17. a4 Nd6 18. Ba3 Nc8 19. Bf1 Bh6 20. Nc4 Bf8 21. Bxf8 Kxf8 22. Qc1 Kg7 23. Qg5 f6 24. Qh4 Be6 25. g4 g5 26. Nxg5 fxg5 27. Qxg5+ Kh8 28. Rxd8 Qxd8 29. Qxe5+ Kg8 30. Qh5 Bf7 31. Qf5 Bg6 1/2-1/2